MDQL
is popping MORE tags! Check the
thread
!
Quizzes
Events
Quiz Creation
Community
Videos
Private Events
Remove Ads
Sign In
Join for FREE
Feedback
Dark Mode
Quiz Categories
Sports
Geography
Music
Movies
Television
Just For Fun
Miscellaneous
History
Literature
Language
Science
Gaming
Entertainment
Religion
Holiday
For Kids
Quiz Lab
Recent
Popular Today
Quiz Kudos Today
Editor Picks
Curator Picks
Quizzes by...
Day
Popularity
Type
Ratings
Length
Year
Community
Subscriptions
Recent Discussions
Orange Saloon
Badges
Playlists
Quests
Create
Leaderboards
Showdown
Live 5
Trivia Bingo
Activity
Puzzle Library
Sporcle Events
Private Events
Virtual Trivia
Globe League
Become a Host
Pub Owners
SporcleCon
Opinionation
Our Games
Videos
Blog
Mobile Apps
Partnerships
Remove Ads and Go Orange
Feedback
Gaming
Video Games
Board Games
Card Games
Pokémon
Mario
Nintendo
Minecraft
Console
Toys
Legend of Zelda
Gaming
Video Games
Board Games
Card Games
Pokémon
Mario
Nintendo
Minecraft
Console
Toys
Legend of Zelda
Random Quiz
Search Sporcle
×
Quiz Lab
Quiz Lab
Gaming
Legend of Zelda
Type in answers that appear in a list
Type in answers that appear in a list
Classic
Best Score? Go Orange.
Zelda OoX rings Stats
Can you name the rings in the Zelda Oracle games?
By
Dominator_101
15m
64 Questions
109 Plays
109 Plays
109 Plays
Comments
Comments
Give Quiz Kudos
Give Quiz Kudos
-
- Ratings
hide this ad
Replay
Link that replays current quiz
Next Quiz
Link to next quiz in quiz playlist
You Got
0%
They Got
Avg Score
62%
Avg Friend Score
Upgrade to see
Score Distribution
Jump to the score distribution portion of the page
Score
0/64
Timer
15:00
0
Plays Today
Effect
Ring
% Correct
Sword Damage x2
Red Ring
89.9%
Damage Taken 1/
2
Blue Ring
89.9%
Become a Subrosian
Subrosian Ring
89.9%
Symbol of a meeting
Friendship Ring
89%
Become a Like-
Like
Like-Like Ring
88.1%
Become an Octorock
Octo Ring
85.3%
Damage given +, taken -
Green Ring
82.6%
Become a Moblin
Moblin Ring
81.7%
Grow better Gasha trees
Gasha Ring
79.8%
Double Spin Attack
Spin Ring
78%
Break 100 signs
Sign Ring
78%
Dive without breathing
Zora Ring
78%
Lengthen Pegasus seeds
Pegasus Ring
75.2%
Maple Meetings +
Maple's Ring
71.6%
Kill 1,000 beasts
Slayer's Ring
71.6%
Punch with nothing equipped
Fist Ring
70.6%
Damage given/
taken +
Power Ring Level 1
69.7%
Damage given/
taken ++
Power Ring Level 2
69.7%
Damage given/
taken +++
Power Ring Level 3
69.7%
Cracked floors won't crumble
Roc's Ring
69.7%
Collected 10,000 Rupees
Rupee Ring
69.7%
Damage given -
, taken +
Cursed Ring
68.8%
Throwing distance +
Toss Ring
66.1%
No sinking in quicksand
Quicksand Ring
66.1%
Boomerang damage +
Rang Ring Level 1
65.1%
Beasts drop double Rupees
Red Joy Ring
65.1%
Beasts drop double Hearts
Blue Joy Ring
65.1%
Boomerang damage ++
Rang Ring Level 2
65.1%
Find double ore chucks
Green Joy Ring
63.3%
Damage given/
taken -
Armor Ring Level 1
62.4%
Damage given/
taken -
-
Armor Ring Level 2
62.4%
Damage given/
taken -
-
-
Armor Ring Level 3
62.4%
Effect
Ring
% Correct
1/
2 damage from traps
Green Luck Ring
61.5%
1/
2 damage from spiked floors
Red Luck Ring
61.5%
1/
2 damage from beams
Blue Luck Ring
60.6%
Bomb damage +
Blast Ring
59.6%
1/
2 damage from falls
Gold Luck Ring
59.6%
Find double items
Gold Joy Ring
59.6%
Slowly recover hearts
Heart Ring Level 1
57.8%
Recover hearts
Heart Ring Level 2
57.8%
Swimming speed +
Swimmer's Ring
57.8%
No damage from electricity
Green Holy Ring
57.8%
No damage from Zora's Fire
Blue Holy Ring
57.8%
No damage from small rocks
Red Holy Ring
57.8%
No sliding on ice
Snowshoe Ring
57.8%
Use spin attack faster
Charge Ring
56%
Lay 2 bombs at once
Bomber's Ring
55%
Sense soft earthnearby
Discovery Ring
52.3%
Kill Ganon
Victory Ring
52.3%
Held bombs won't explode
Peace Ring
52.3%
Life Advanced! (Ages)
GBA Time Ring
50.5%
Get knocked back less
Steadfast Ring
50.5%
Shoot beams at -
2 hearts
Light Ring Level 1
49.5%
Shoot beams at -
3 hearts
Light Ring Level 2
49.5%
Weakens Sword with occasional power
Whimsical Ring
48.6%
Become Original Link
First Gen Ring
47.7%
Life Advanced! (Seasons)
GBA Nature Ring
47.7%
No effect from Jinxes
Whisp Ring
47.7%
Sword damage +, but you get hurt
Double Edge Ring
46.8%
Always take 1 heart damage
Protection Ring
46.8%
Appraise 100 rings
100th Ring
40.4%
Punch with nothing equipped
Expert's Ring
39.4%
No damage from own bombs
Bombproof Ring
38.5%
Beam replaces spin attack
Energy Ring
31.2%
Quiz Playlist
Details
Report
Send in Message
Add To Playlist
Classic:
Type in answers that appear in a list
Quiz Source
Last Updated: Feb 16, 2017
Quiz Scoreboard
CHALLENGE
Sign Up to Join the Scoreboard
Show All
Scores
Hide
Comments
May contain spoilers
Recently Published
1-10 Letter E Words III
by El_Dandy
Language
2m
Street Fighter Characters
by Artimus82
Gaming
60s
College Basketball Coaching Resumes
by pancakes188
Sports
9m
More to Explore
Quiz From the Vault
Featured Blog Post
Where Did the Easter Bunny Come From?
hide this ad
You Might Also Like...
Tags
Board Games Quiz
Legend of Zelda Quiz
Nintendo Quiz
effect
Oracle of Seasons/Ages
Ring
Today's Top Quizzes in Gaming
Browse Gaming
hide this ad
Today's Top Quizzes in Legend of Zelda
Browse Legend of Zelda
Top Contributed Quizzes in Gaming
1
5-to-1: Consoles
2
7-to-1: Board Game Piece Blitz
3
5-to-1: Legend of Zelda
4
League of Legends Pro Players by Career/Team History
5
Destiny 2 exotic weapons by perk icons
6
Ultimate Genshin Impact Logic Puzzle (up to 4.3)
7
Quick Pick: Video Games Lost in Translation
8
Franchise by Action Figure
9
Who's on the WWE 2K24 Cover?
10
Genshin Impact Logic Puzzle Quiz
Explore More
Trending Topics
Anime
Crossword
Marvel
NBA
Kpop
Disney
Harry Potter
Puzzle
Song
NFL
Pokémon
Country
The Office
Soccer
WWE
hide this ad
More By:
Dominator_101
Quiz
Plays
Rating
Category
Featured
Created
Pledge of Allegiance
75,100
4.07
History
Nov 8, 2009
DK Rap Lyrics
1,001
4.43
Gaming
Oct 25, 2009
Zelda Oracle of Seasons/Ages Grab Bag
692
4.43
Gaming
Oct 25, 2009
Homestar homepage links
151
5.00
Entertainment
Oct 25, 2009
Zelda OoX rings
109
5.00
Gaming
Oct 31, 2009
Go to Creator's Profile
Score Distribution
Quiz Creator Spotlight
Dominator_101
Follow
Send a Message
Quizzes Created
-
Created Quiz Play Count
-
More By This Creator
Popular Quizzes Today
1
Find the US States - No Outlines Minefield
2
Find the Countries of Europe - No Outlines Minefield
3
Find the US States
4
The Countries of the World
5
Risky Map Clicking: Biggest States A-Z
6
US States
7
Popular People in 1961
8
Movies - When Are They Set?
More Gaming Quizzes
Missing Word Crossword: Toys
Published
Trending Quizzes
Risky Map Clicking: Least Populous States A-Z
1-10 Letter G Words
Countries of the World: 200 Million BC
1-10 Letter F Words
Risky Map Clicking: Next State Alphabetically
Recently Updated
Largest US Cities 1790-2010
pecheneg
Rides in Walt Disney World
pecheneg
Most Oscar Losses (Acting)
pecheneg
Beyoncé Albums
pecheneg
Leaping Animals
pecheneg
Reality TV Shows (A-Z)
bhenderson79
Rickey Henderson's Hall of Fame Teammates
pecheneg
Champions League XIs: Arsenal
pecheneg
Quick Pick: Celebrities in WWE's Hall of Fame
aduchscher
A-Z Keypad Blitz II
pecheneg
Trending Topics
Anime
Marvel
Crossword
Disney
Harry Potter
Kpop
NBA
NFL
WWE
Soccer
Song
Country
Pokémon
The Office
Puzzle
Your Account Isn't Verified!
In order to create a playlist on Sporcle, you need to verify the email address you used during registration. Go to your
Sporcle Settings
to finish the process.
Report this User
Report this user for behavior that violates our
Community Guidelines
.
Details:
Send Report
Go to the Sporcle.com Mobile Site →
Comments